名城線の内側にある駅 - Statistics

General Stats
  • This quiz has been taken 97 times
  • The average score is 17 of 24
Answer Stats
駅名 % Correct
鶴舞
96%
千種
93%
新栄町
89%
今池
84%
いりなか
82%
車道
82%
御器所
82%
栄町
80%
覚王山
75%
高岳
75%
池下
74%
川名
68%
桜山
67%
東大手
66%
瑞穂区役所
64%
荒畑
63%
吹上
63%
清水
61%
瑞穂運動場西
59%
尼ヶ坂
57%
神宮前
53%
森下
51%
熱田
45%
堀田(名鉄)
45%
No matching quizzes found
Score Distribution
Percent of People with Each Score
Percentile by Number Answered
Your Score History
You have not taken this quiz